El espejo de la memoria / (Record no. 179822)

MARC details
000 -LEADER
campo de control de longitud fija 00980nam a2200265 i 4500
001 - NÚMERO DE CONTROL
campo de control 179822
003 - IDENTIFICADOR DE NÚMERO DE CONTROL
campo de control ES-MaACL
005 - FECHA Y HORA DE LA ÚLTIMA TRANSACCIÓN
campo de control 20240430162520.0
008 - DATOS DE LONGITUD FIJA--INFORMACIÓN GENERAL
campo de control de longitud fija 120127s2010 sp ap |||| | spa d
020 ## - NÚMERO INTERNACIONAL ESTÁNDAR DEL LIBRO
Número Internacional Estándar del Libro 978-84-92848-13-3
080 ## - NÚMERO DE LA CLASIFICACIÓN DECIMAL UNIVERSAL
Número de la Clasificación Decimal Universal 821.134.2-14"19"
100 1# - ENTRADA PRINCIPAL--NOMBRE DE PERSONA
Nombre de persona Martínez Cenzano, José Manuel.
9 (RLIN) 149235
245 13 - MENCIÓN DEL TÍTULO
Título El espejo de la memoria /
Mención de responsabilidad, etc. José Manuel Martínez Cenzano ; dibujos de Ginés Liébana ; y lectura de Juan José Gómez.
250 ## - MENCION DE EDICION
Mención de edición 1ª ed.
260 ## - PUBLICACIÓN, DISTRIBUCIÓN, ETC.
Lugar de publicación, distribución, etc. Madrid :
Nombre del editor, distribuidor, etc. Exlibris ;
Lugar de publicación, distribución, etc. Cuenca :
Nombre del editor, distribuidor, etc. Diputación Provincial de Cuenca,
Fecha de publicación, distribución, etc. 2010.
300 ## - DESCRIPCIÓN FÍSICA
Extensión 146 p. :
Otras características físicas il. ;
Dimensiones 24 cm.
490 1# - MENCIÓN DE SERIE
Mención de serie Exlibris poesía
700 1# - ENTRADA AGREGADA--NOMBRE PERSONAL
Nombre de persona Liébana, Ginés,
Fechas asociadas al nombre 1921-2022
9 (RLIN) 72224
700 1# - ENTRADA AGREGADA--NOMBRE PERSONAL
Nombre de persona Gómez Brihuega, Juan José.
9 (RLIN) 149236
710 1# - ENTRADA AGREGADA--NOMBRE DE ENTIDAD CORPORATIVA
Nombre de entidad corporativa o nombre de jurisdicción como elemento de entrada Cuenca (Provincia).
Unidad subordinada Diputación Provincial.
9 (RLIN) 3346
830 0# - PUNTO DE ACCESO ADICIONAL DE SERIE-TÍTULO UNIFORME
Título uniforme Exlibris poesía
9 (RLIN) 191135
852 ## - LOCALIZACIÓN
Ubicación ES-MaACL
Número de control de estantería A-11936
itemnumber 186722
Sublocalización o colección R.146842
Ubicación en estantería Depósito 1
Signatura antigua Olim: N-4941
942 ## - ELEMENTOS DE ENTRADA SECUNDARIOS (KOHA)
Fuente del sistema de clasificación o colocación Clasificación decimal universal
Tipo de ítem Koha Libro impreso
Holdings
Estatus retirado Estado de pérdida Fuente del sistema de clasificación o colocación Estado de daño No para préstamo Biblioteca de origen Biblioteca actual Ubicación en estantería Fecha de adquisición Fuente de adquisición Total de préstamos Signatura topográfica completa Código de barras Visto por última vez Precio de reemplazo Tipo de ítem Koha
    Clasificación decimal universal     Biblioteca del Ateneo de Madrid Biblioteca del Ateneo de Madrid Depósito 1 27/01/2012 Donación   A-11936 1188912 23/02/2023 23/02/2023 Libro impreso